Statistics for WWE Womens Royal Rumble Entrants 2018-2020

Click here to take the quiz!

General Stats

  • This quiz has been taken 294 times
    (72 since last reset)
  • The average score is 37 of 54

Answer Stats

2018 % Correct
Trish Stratus
96%
Charlotte Flair
96%
Sasha Banks
96%
Becky Lynch
96%
Liv Morgan
93%
Xia Li
93%
Alexa Bliss
93%
Lita
89%
Sarah Logan
86%
Asuka
86%
Mandy Rose
86%
Kelly Kelly
82%
Natalya
82%
Bayley
82%
Brie Bella
82%
Nikki Bella
82%
Sonya Deville
82%
Molly Holly
82%
Kairi Sane
82%
Carmella
79%
Lacey Evans
79%
Naomi
79%
Nia Jax
79%
Bianca Belair
79%
Ruby Riott
75%
Tamina
71%
Dana Brooke
71%
Beth Phoenix
71%
Lana
71%
Shayna Baszler
68%
Ember Moon
64%
Michelle McCool
64%
Jacqueline
64%
Candice LeRae
61%
Nikki Cross
57%
Alicia Fox
57%
Dakota Kai
57%
Rhea Ripley
54%
Vickie Guerrero
54%
Tegan Nox
54%
Zelina Vega
54%
Peyton Royce
54%
Billie Kay
54%
Kacy Catanzaro
54%
Toni Storm
50%
Mickie James
46%
Torrie Wilson
46%
Io Shirai
46%
Santina Marella
46%
Maria Kanellis
43%
Mercedes Martinez
39%
Mia Yim
39%
Chelsea Green
36%
Shotzi Blackheart
29%

Score Distribution

Percentile by Number Answered

Percent of People with Each Score

Your Score History

You have not taken this quiz since the last reset